|
|
|
|
| LEADER |
00000nab a2200000 a 4500 |
| 001 |
vtls000829530 |
| 003 |
SK-MaSNL |
| 005 |
20260318125010.0 |
| 008 |
240612c2003 xo 0 sla |
| 015 |
|
|
|a SNBRB2003/03-09230
|
| 035 |
|
|
|a CLN000181185
|
| 040 |
|
|
|a SNKBUCL
|b slo
|c SNKBUCL
|e AACR2
|
| 041 |
0 |
|
|a sla
|a rue
|
| 044 |
|
|
|a xo
|c SK
|
| 080 |
|
|
|a 329.78(437.6=875):061.2
|2 UDC-MRF-SK2
|
| 080 |
|
|
|a 323.15(437.6=875)
|2 UDC-MRF-SK2
|
| 100 |
1 |
|
|a Krajňák, Peter,
|d 1981-
|4 aut
|9 323070
|
| 245 |
1 |
0 |
|a Rusyn'ska molodež u parlamenti i v ofenzivi
|c Petro Krajnjak, mol.
|
| 300 |
|
|
|b Fotogr.
|
| 610 |
2 |
7 |
|a Spolok rusínskej mládeže Slovenska
|2 snkbucl
|9 58247
|
| 650 |
0 |
7 |
|a Rusíni
|z Slovensko
|x spolky mládežnícke
|x činnosť
|2 snkbucl
|9 1265204
|
| 655 |
|
7 |
|a články z novín a časopisov
|2 snkbucl
|9 267496
|
| 773 |
0 |
|
|t Narodny novynky
|g Roč. 13, č. 1-4 (2003), s. 1
|
| 850 |
|
|
|a Slovenská národná knižnica v Martine
|
| 852 |
|
|
|a SNK
|b KIS3GCP
|
| 999 |
|
|
|c 2264021
|d 2265951
|